Podstata a význam teórie účtovníctva v súčasných podmienkach praxe

Informácia o cieľoch a zámeroch dizertačnej práce, obhajoba, ktorej sa konala 13. februára 2009.

Gespeichert in:
Bibliographische Detailangaben
1. Verfasser: Feketeová, Renáta, 1974-
Format: Buchkapitel
Sprache:Slowakisch
Schlagworte:
Tags: Tag hinzufügen
Keine Tags, Fügen Sie das erste Tag hinzu!

MARC

LEADER 00000naa$a2200000$$$4500
001 0107503
005 20240502072203.3
041 0 |a slo 
044 |a SK 
245 1 0 |a Podstata a význam teórie účtovníctva v súčasných podmienkach praxe  |c Renáta Feketeová 
520 |a Informácia o cieľoch a zámeroch dizertačnej práce, obhajoba, ktorej sa konala 13. februára 2009. 
610 2 0 |a účtovníctvo 
610 2 0 |a práce kvalifikačné 
610 2 0 |a história 
610 2 0 |a systémy informačné 
610 2 0 |a teória účtovníctva 
100 1 |a Feketeová, Renáta, 1974-